| 000 | 00873nas a2200277 4500 | ||
|---|---|---|---|
| 001 | BR9703396 | ||
| 003 | BR-BrBNA | ||
| 005 | 20231205100311.0 | ||
| 007 | ta | ||
| 008 | 230509b bl.|||p| |||| 00| 00por d | ||
| 040 |
_aBR-BrBNA _bpor _cBiblioteca Nacional de Agricultura |
||
| 041 | _a(En) | ||
| 072 | _aH50 | ||
| 100 | 1 | _aAndrade, L.R.M. de | |
| 100 | 1 | _aIkeda, M. | |
| 100 | 1 | _aIshizuka, J. | |
| 245 | 1 | _aStimulation of organic acid excretion by roots of aluminum-tolerant and aluminum-sensitive wheat varieties under aluminum stress | |
| 650 | _aAcido Organico | ||
| 650 | _aTrigo | ||
| 650 | _aAluminio | ||
| 650 | _aStress | ||
| 650 | _aVariedade Resistente | ||
| 773 | 0 |
_tRevista Brasileira de Fisiologia Vegetal (Brazil) _xISSN 0103-3131 _g(Apr 1997), v. 9(1) p. 27-34 _wBR9703396 |
|
| 909 |
_a202311 _bLúcia _c55 _dLúcia Elande |
||
| 942 |
_2AGRIS _n0 _cANA |
||
| 999 |
_c155234 _d155234 |
||